LEADER 01992nam 2200553 a 450 001 9910461495603321 005 20200520144314.0 010 $a1-61324-439-8 035 $a(CKB)2670000000090594 035 $a(EBL)3019854 035 $a(SSID)ssj0000569506 035 $a(PQKBManifestationID)12208474 035 $a(PQKBTitleCode)TC0000569506 035 $a(PQKBWorkID)10541449 035 $a(PQKB)11523668 035 $a(MiAaPQ)EBC3019854 035 $a(Au-PeEL)EBL3019854 035 $a(CaPaEBR)ebr10671419 035 $a(OCoLC)722328962 035 $a(EXLCZ)992670000000090594 100 $a20090731d2010 uy 0 101 0 $aeng 135 $aur|n|---||||| 181 $ctxt 182 $cc 183 $acr 200 00$aMental illnesses$b[electronic resource] $edescriptions, causes and treatments /$fJeremias Koch, editor 210 $aNew York $cNova Science Publishers$dc2010 215 $a1 online resource (98 p.) 225 1 $aMental illnesses and treatments series 300 $aDescription based upon print version of record. 311 $a1-60741-652-2 320 $aIncludes bibliographical references and index. 327 $aBipolar disorder with addendum bipolar / National Institute of Mental Health -- A story of bipolar disorder (manic-depressive illness) : does this sound like you? / National Institute of Mental Health -- Comorbidity : addiction and other mental illnesses / National Institute on Drug Abuse -- Schizophrenia / National Institute of Mental Health. 410 0$aMental illnesses and treatments. 606 $aManic-depressive illness 606 $aDual diagnosis 608 $aElectronic books. 615 0$aManic-depressive illness. 615 0$aDual diagnosis. 676 $a616.89/5 701 $aKoch$b Jeremias$0859100 801 0$bMiAaPQ 801 1$bMiAaPQ 801 2$bMiAaPQ 906 $aBOOK 912 $a9910461495603321 996 $aMental illnesses$91917526 997 $aUNINA LEADER 02736oam 2200637I 450 001 9910465440703321 005 20200520144314.0 010 $a0-203-37522-X 010 $a1-299-28037-4 010 $a1-135-06770-8 024 7 $a10.4324/9780203375228 035 $a(CKB)2560000000099340 035 $a(EBL)1143862 035 $a(OCoLC)830160824 035 $a(SSID)ssj0000833099 035 $a(PQKBManifestationID)12399587 035 $a(PQKBTitleCode)TC0000833099 035 $a(PQKBWorkID)10900942 035 $a(PQKB)10872426 035 $a(MiAaPQ)EBC1143862 035 $a(Au-PeEL)EBL1143862 035 $a(CaPaEBR)ebr10672641 035 $a(CaONFJC)MIL459287 035 $a(OCoLC)842900548 035 $a(EXLCZ)992560000000099340 100 $a20180706d2013 uy 0 101 0 $aeng 135 $aur|n|---||||| 181 $ctxt 182 $cc 183 $acr 200 10$aEating disorders $ea parents' guide /$fRachel Bryant-Waugh and Bryan Lask 205 $a2nd ed. 210 1$aHove, East Sussex [England] ;$aNew York :$cRoutledge,$d2013. 215 $a1 online resource (201 p.) 300 $aDescription based upon print version of record. 311 $a0-415-50156-3 311 $a0-415-81477-4 320 $aIncludes bibliographical references and index. 327 $aWhat are eating disorders? -- What causes eating disorders? -- How do I know if my child has an eating disorder? -- What can I do? general principles -- What can I do? specific problems -- Who should I consult and what will they do? -- What about the future? -- Case vignettes. 330 $aEating problems are common in children and teenagers. Yet myths about such problems abound and it can be very difficult to separate the facts from popular beliefs; unusual or disturbed eating patterns can be understandably bewildering and distressing for parents. Whatever aspect of your child's eating behaviour is causing you concern, this book will help you understand some of the more common reasons why problems arise, and will give you advice on what you and others can do to manage the situation.Written by two experienced clinicians, this new edition of Eati 606 $aEating disorders in children$vPopular works 606 $aEating disorders in adolescence$vPopular works 608 $aElectronic books. 615 0$aEating disorders in children 615 0$aEating disorders in adolescence 676 $a616.85/2600835 700 $aBryant-Waugh$b Rachel.$0621237 701 $aLask$b Bryan$0736815 801 0$bMiAaPQ 801 1$bMiAaPQ 801 2$bMiAaPQ 906 $aBOOK 912 $a9910465440703321 996 $aEating disorders$92143290 997 $aUNINA